Ciencia, técnica y desarrollo
En el siguiente libro, Mario Bunge resume algunos de los problemas filosóficos que suscitan las relaciones entre ciencia y desarrollo. Bunge subraya la complejidad del concepto de desarrollo cuando explica que debe ser integral, es decir, al mismo tiempo biológico, político, económico y cultural. En...
Shranjeno v:
| Glavni avtor: | |
|---|---|
| Format: | Texto |
| Izdano: |
Buenos Aires:
Editorial Sudamericana
|
| Teme: | |
| Oznake: |
Označite
Brez oznak, prvi označite!
|
MARC
| LEADER | 00000 a a2200000 04500 | ||
|---|---|---|---|
| 001 | 36270 | ||
| 003 | |||
| 040 | |||
| 020 | |a 950-07-1240-7 | ||
| 090 | |a 1001 B942ci | ||
| 100 | |a Bunce, Mario | ||
| 245 | |a Ciencia, técnica y desarrollo | ||
| 260 | |a Buenos Aires: |b Editorial Sudamericana | ||
| 300 | |a 229 p. | ||
| 520 | |a En el siguiente libro, Mario Bunge resume algunos de los problemas filosóficos que suscitan las relaciones entre ciencia y desarrollo. Bunge subraya la complejidad del concepto de desarrollo cuando explica que debe ser integral, es decir, al mismo tiempo biológico, político, económico y cultural. En este libro se insistirá en la multidimensionalidad del desarrollo nacional y por lo tanto en la necesidad de desarrollar a la vez la economía, la cultura y la política. Se subrayará el carácter sistémico de la ciencia y la centralidad de la investigación científica en la cultura moderna | ||
| 650 | |a FILOSOSFIA | ||
| 650 | |a CIENCIA | ||
| 650 | |a TECNOLOGIA | ||
| 650 | |a DESARROLLO | ||
| 650 | |a BIOLOGIA | ||
| 650 | |a POLITICA | ||
| 650 | |a ECONOMIA | ||
| 650 | |a CULTURA | ||
| 999 | |c 17322 |d 17322 | ||



